Islam and the West : (Record no. 2903)
[ view plain ]
| 000 -LEADER | |
|---|---|
| fixed length control field | 00448cam a2200169 a 4500 |
| 001 - CONTROL NUMBER | |
| control field | 4480468 |
| 003 - CONTROL NUMBER IDENTIFIER | |
| control field | NG-AbAUS |
| 005 - DATE AND TIME OF LATEST TRANSACTION | |
| control field | 20230307093414.0 |
| 008 - FIXED-LENGTH DATA ELEMENTS--GENERAL INFORMATION | |
| fixed length control field | 930510r19601993enk b 001 0 eng d |
| 020 ## - INTERNATIONAL STANDARD BOOK NUMBER | |
| International Standard Book Number | 1851680438 |
| 100 1# - MAIN ENTRY--PERSONAL NAME | |
| Personal name | Daniel, Norman. |
| 9 (RLIN) | 220 |
| 245 10 - TITLE STATEMENT | |
| Title | Islam and the West : |
| Remainder of title | the making of an image / |
| Statement of responsibility, etc | Norman Daniel. |
| 250 ## - EDITION STATEMENT | |
| Edition statement | Rev. ed. |
| 260 ## - PUBLICATION, DISTRIBUTION, ETC. (IMPRINT) | |
| Place of publication, distribution, etc | Oxford : |
| Name of publisher, distributor, etc | Oneworld, |
| Date of publication, distribution, etc | c1993. |
| 300 ## - PHYSICAL DESCRIPTION | |
| Extent | 467 p. ; |
| Dimensions | 25 cm. |
| 942 ## - ADDED ENTRY ELEMENTS (KOHA) | |
| Source of classification or shelving scheme | Dewey Decimal Classification |
| Item type | Book |
| Withdrawn status | Lost status | Source of classification or shelving scheme | Damaged status | Not for loan | Home library | Current library | Shelving location | Date acquired | Total Checkouts | Barcode | Date last seen | Copy number | Price effective from | Koha item type |
|---|---|---|---|---|---|---|---|---|---|---|---|---|---|---|
| Dewey Decimal Classification | Not For Loan | Sid Ahmed Baba Library | Sid Ahmed Baba Library | Reference | 09/02/2015 | 1904 | 09/02/2015 | 1 | 09/02/2015 | Book |